<?xml version="1.0" encoding="UTF-8"?><?xml-stylesheet type="text/xsl" href="static/style.xsl"?><OAI-PMH xmlns="http://www.openarchives.org/OAI/2.0/" xmlns:xsi="http://www.w3.org/2001/XMLSchema-instance" xsi:schemaLocation="http://www.openarchives.org/OAI/2.0/ http://www.openarchives.org/OAI/2.0/OAI-PMH.xsd"><responseDate>2026-06-01T12:19:56Z</responseDate><request verb="GetRecord" identifier="oai:riuma.uma.es:10630/35006" metadataPrefix="marc">https://riuma.uma.es/rest/oai/request</request><GetRecord><record><header><identifier>oai:riuma.uma.es:10630/35006</identifier><datestamp>2026-02-03T11:41:04Z</datestamp><setSpec>com_10630_2254</setSpec><setSpec>col_10630_37956</setSpec></header><metadata><record xmlns="http://www.loc.gov/MARC21/slim" xmlns:dcterms="http://purl.org/dc/terms/" xmlns:doc="http://www.lyncode.com/xoai" xmlns:xsi="http://www.w3.org/2001/XMLSchema-instance" xsi:schemaLocation="http://www.loc.gov/MARC21/slim http://www.loc.gov/standards/marcxml/schema/MARC21slim.xsd">
   <leader>00925njm 22002777a 4500</leader>
   <datafield ind2=" " ind1=" " tag="042">
      <subfield code="a">dc</subfield>
   </datafield>
   <datafield ind2=" " ind1=" " tag="720">
      <subfield code="a">Llorente-Marín, Francisco Manuel</subfield>
      <subfield code="e">author</subfield>
   </datafield>
   <datafield ind2=" " ind1=" " tag="720">
      <subfield code="a">Zurita-Márquez, Evelina</subfield>
      <subfield code="e">author</subfield>
   </datafield>
   <datafield ind2=" " ind1=" " tag="260">
      <subfield code="c">2020</subfield>
   </datafield>
   <datafield ind2=" " ind1=" " tag="520">
      <subfield code="a">El análisis que proponemos en este capítulo parte de un trabajo de tipo etnográfico en el contexto transfronterizo de España y Marruecos.&#xd;
El dinamismo comercial de esta frontera debe mucho (o todo) a los beneficios fiscales del puerto franco de Melilla. Como en otros contextos fronterizos con semejantes ventajas arancelarias, miles de personas se ‘buscan la vida’ pasando de un lado a otro de la frontera pesados bultos sobre sus espaldas. La mayoría son mujeres marroquíes, lo hacen varias veces al día y se les conoce como ‘porteadoras’.&#xd;
Los objetivos de nuestra investigación se centraron en 1) dar cuenta de las relaciones sociales que se construyen a partir de estas actividades ‘no regularizadas’, así como 2) analizar e interpretar los anclajes que sostienen y reproducen estas formas de relación.&#xd;
La metodología que utilizamos es cualitativa, porque es la que puede dar cuenta de los procesos que implican significados compartidos por personas, grupos y comunidades. Atendemos, fundamentalmente, a discursos para aprehender significados culturales entre las comunidades estudiadas. Se han realizado once entrevistas en profundidad y cinco entrevistas informales. También hemos hecho observación no participante en los cuatro puestos fronterizos que unen las ciudades de Melilla y Nador (Beni-Enzar, Barrio Chino, Farhana y Mariguari).&#xd;
Los resultados de la investigación nos permitieron interpretar que ‘la carga’ de estas mujeres no es sólo física y que sobre sus cuerpos se sostiene todo un entramado comercial a ambos lados de la frontera. Nos parece este un ejemplo etnográfico de violencia estructural en las llamadas ‘sociedades desarrolladas’. Pues este comercio desregularizado, “atípico”, pero ‘normalizado’, convierte a las mujeres porteadoras de la frontera hispano-marroquí en un estratégico capital humano, signo y símbolo de una estructura social que antepone el acrecentamiento de las cifras y la rentabilidad económica, a la dignidad humana y a otros valores sociales.</subfield>
   </datafield>
   <datafield ind1="8" ind2=" " tag="024">
      <subfield code="a">Llorente-Marín, F. M. y Zurita-Márquez, E. (2024). Contrabando con-sentido. La desregularización ordenada del porteo en un territorio fronterizo. En N. Reyes Ruiz de Peralta, P. Díaz Cuevas y L. Da Silva Vargas (Coords.), Gestión de la cultura: lo que nos hace humanos (pp. 255-269). Tirant Lo Blanch. https://dx.doi.org/https://doi.org/10.36151/TLB_9788418534577</subfield>
   </datafield>
   <datafield ind1="8" ind2=" " tag="024">
      <subfield code="a">https://hdl.handle.net/10630/35006</subfield>
   </datafield>
   <datafield ind1="8" ind2=" " tag="024">
      <subfield code="a">10.36151/TLB_9788418534577</subfield>
   </datafield>
   <datafield tag="653" ind2=" " ind1=" ">
      <subfield code="a">Mujeres - Situación social - Marruecos</subfield>
   </datafield>
   <datafield tag="653" ind2=" " ind1=" ">
      <subfield code="a">Mujeres - Situación social - España</subfield>
   </datafield>
   <datafield ind2="0" ind1="0" tag="245">
      <subfield code="a">Contrabando con-sentido. La desregularización ordenada del porteo en un territorio fronterizo.</subfield>
   </datafield>
</record>
</metadata></record></GetRecord></OAI-PMH>